000
00239nam a2200097Ia 4500
001
912084
005
20250826185731.0
008
250824s9999 xx 000 0 und d
245
0
_a
ÇUBUKLAR
_c
ERDAL ÇAKICIOĞLU
260
_b
AKVARYUM YAYINLARI
999
_c
912084
_d
912084